00227nam a22000857a 4500008004100000082001900041245006300060260000900123300000900132230703b xxu||||| |||| 00| 0 eng d a342bCKRC 2002 aMswada wa Sheria wa Tume ya Marekebisho ya Katiba ya Kenya c2002 a126p